| 000 | 01185nam a2200277Ia 4500 | ||
|---|---|---|---|
| 008 | 130821s1928 sp gr spa | ||
| 040 |
_aCo-BoUCM _bspa |
||
| 041 | _aspa | ||
| 245 |
_aLas razas humanas su vida, sus costumbres, su historia, su muerte _cPor Luis Trias de Bes |
||
| 260 |
_aBarcelona (España) _bPublicaciones del Instituto Gallach de Librerias y ediciones _c1928 |
||
| 300 | _a2 volúmenes | ||
| 505 | _aV.1 : Antropología. -- El origen del hombre. -- La cultura de los pueblos salvajes. -- Las razas humanas. -- Los pueblos de Asia. -- Los pueblos de oceanía. -- V.2 : Los pueblos de América. -- Los pueblos de africa. -- Los pueblos de Europa. | ||
| 650 | 0 | 4 |
_aCiencias naturales _910813 |
| 650 | 0 | 4 |
_aEtnología _97607 |
| 650 | 0 | 4 |
_aRazas _xAsia _923097 |
| 650 | 0 | 4 |
_aRazas _zÁfrica _923097 |
| 650 | 0 | 4 |
_aRazas _zAmérica _923097 |
| 650 | 0 | 4 |
_aRazas _zEuropa _923097 |
| 650 | 0 | 4 |
_aRazas _zOceanía _923097 |
| 651 |
_aÁfrica _xHistoria |
||
| 651 |
_aAmérica _xHistoria _926749 |
||
| 651 |
_aAsia _xHistoria _926576 |
||
| 651 |
_aOceanía _xHistoria _927180 |
||
| 700 | _aTrias de Bes, Luis | ||
| 942 |
_a25 _e1 _kR _mR19 _cLIBROREF _2DEWEY _h572.2 |
||
| 999 |
_c3225 _d3225 |
||